International labour organisation and India : (Record no. 124784)

MARC details
000 -LEADER
fixed length control field 00741nam a22002297a 4500
005 - DATE AND TIME OF LATEST TRANSACTION
control field 20170124105944.0
010 ## - LIBRARY OF CONGRESS CONTROL NUMBER
LC control number 916831
020 ## - INTERNATIONAL STANDARD BOOK NUMBER
Terms of availability 00.00
035 ## - SYSTEM CONTROL NUMBER
System control number 916831
037 ## - SOURCE OF ACQUISITION
Source of stock number/acquisition Cen Lib/Ret
040 ## - CATALOGING SOURCE
Original cataloging agency DPL
Language of cataloging EN
082 ## - DEWEY DECIMAL CLASSIFICATION NUMBER
Classification number 331.88
Item number DHY
100 ## - MAIN ENTRY--PERSONAL NAME
Personal name Dhyani, S. N.
9 (RLIN) 11928
245 ## - TITLE STATEMENT
Title International labour organisation and India :
Statement of responsibility, etc by S. N. Dhyani
Remainder of title in pursuit of social justice /
260 ## - PUBLICATION, DISTRIBUTION, ETC. (IMPRINT)
Place of publication, distribution, etc New Delhi
Name of publisher, distributor, etc National
Date of publication, distribution, etc 1977
270 ## - ADDRESS
City New Delhi
Address 23, Darya Ganj
Postal code 110002
300 ## - PHYSICAL DESCRIPTION
Extent xv, 315p.
Dimensions 22cm(Hb)
500 ## - GENERAL NOTE
General note Includes bibliographical references and index
650 ## - SUBJECT ADDED ENTRY--TOPICAL TERM
Topical term or geographic name as entry element International Labour Organisation -- India
9 (RLIN) 11929
650 ## - SUBJECT ADDED ENTRY--TOPICAL TERM
Topical term or geographic name as entry element Labor policy -- India
9 (RLIN) 11930
942 ## - ADDED ENTRY ELEMENTS (KOHA)
Source of classification or shelving scheme Dewey Decimal Classification
Koha item type English Books
Classification part 331.88
Call number suffix DHY
Holdings
Withdrawn status Lost status Damaged status Not for loan Home library Current library Date acquired Source of acquisition Cost, normal purchase price Total Checkouts Full call number Barcode Date last seen Copy number Cost, replacement price Price effective from Koha item type
        Central Library Central Library 18/06/2015 Cen Lib/Ret 0.00   331.88 DHY 916831 18/06/2015 1 0.00 18/06/2015 English Books

© Delhi Public Library
Hit Counter
free hit counter